Statistics for Premier Soccer League Winners (South Africa)

Click here to take the quiz!

General Stats

  • This quiz has been taken 34 times
  • The average score is 17 of 23

Answer Stats

SeasonWinner% Correct
2012/13Kaizer Chiefs
96%
2003/04Kaizer Chiefs
96%
2014/15Kaizer Chiefs
96%
2004/05Kaizer Chiefs
96%
2000/01Orlando Pirates
93%
2002/03Orlando Pirates
93%
2010/11Orlando Pirates
93%
2011/12Orlando Pirates
93%
2017/18Mamelodi Sundowns
78%
1999/00Mamelodi Sundowns
78%
2013/14Mamelodi Sundowns
78%
2005/06Mamelodi Sundowns
78%
2006/07Mamelodi Sundowns
78%
1997/98Mamelodi Sundowns
78%
2015/16Mamelodi Sundowns
78%
1998/99Mamelodi Sundowns
78%
2018/19Mamelodi Sundowns
78%
2007/08Supersport United
56%
2009/10Supersport United
56%
2008/09Supersport United
56%
2016/17Bidvest Wits
33%
1996/97Manning Rangers
11%
2001/02Santos
11%

Score Distribution

Percentile by Number Answered

Percent of People with Each Score

Your Score History

You have not taken this quiz